Collins field guide to birds of Britain and Europe

Αποθηκεύτηκε σε:
Λεπτομέρειες βιβλιογραφικής εγγραφής
Κύριος συγγραφέας: Peterson, Roger Tory 1908-
Άλλοι συγγραφείς: Mountfort, Guy, Hollom, P. A. D. (Philip Arthur Dominic)
Μορφή: Βιβλίο
Γλώσσα:English
Δημοσίευση: London : Harper Collins Publishers, c1993
Έκδοση:5th ed., rev. and enl.
Σειρά:Collins field guide
Θέματα:
Ετικέτες: Προσθήκη ετικέτας
Δεν υπάρχουν, Καταχωρήστε ετικέτα πρώτοι!

MARC

LEADER 00000nam a2200000 i 4500
001 1/17551
008 981006s1993 eng d
020 |a 0-00-219900-9 
035 |l 10020600 
040 |a GR-MY-UA  |b    |e aacr 
041 0 |a eng 
082 0 |a 598.094 
100 1 |a Peterson, Roger Tory  |d 1908- 
245 1 0 |a Collins field guide to birds of Britain and Europe /  |c by Roger Tory Peterson, Guy Mountfort, P. A. D. Hollom 
250 |a 5th ed., rev. and enl.  
260 |a London :   |b Harper Collins Publishers,   |c c1993 
300 |a 320 σ.  |b εικ. 
490 1 |a Collins field guide 
504 |a Περιέχει ευρετήριο 
650 0 0 |a Birds  |z Europe  |x Identification. 
650 0 0 |a Birds  |z Great Britain  |x Identification. 
700 1 |a Mountfort, Guy. 
700 1 |a Hollom, P. A. D. (Philip Arthur Dominic) 
830 0 |a Collins field guide 
852 |a INST  |b LESVOS  |e 19981006  |h 598.094 PET  |p 005100012829  |q 005100012829  |t BK  |y 0 
852 |a INST  |b LESVOS  |e 20000417  |h 598.094 PET  |p 005100023183  |q 005100023183  |t BK  |y 0 
901 |a BIBL-1998-3 
909 |a Λ  |b 059254 
909 |a Λ  |b 077329 
922 |a 1ΕΛΗ  |b 199809  |c ΚΠΣ/ΤΠ  |d ΠΑΠΑΣΩΤΗΡΙΟΥ 
922 |a 1ΕΛΗ  |b 200002  |c ΚΠΣ/ΤΠ  |d GLORY 
950 |a 107-1998-07-08 
950 |a 107-1999-12-21